Modernismo y modernistas
Salvato in:
| Autore principale: | |
|---|---|
| Natura: | Libro |
| Lingua: | spagnolo |
| Pubblicazione: |
Barcelona
Destino
1949
|
| Soggetti: | |
| Tags: |
Aggiungi Tag
Nessun Tag, puoi essere il primo ad aggiungerne!!
|
MARC
| LEADER | 00000nam a2200000 a 4500 | ||
|---|---|---|---|
| 001 | UCZ0278 | ||
| 003 | CL-VaPUC | ||
| 008 | 950728e19490000SP |||||||||||||||||spa|d | ||
| 082 | 0 | 4 | |a 709.04 |b RAF |2 21 |
| 100 | 0 | |a Rafols, José F |e author |9 342994 | |
| 245 | 1 | 0 | |a Modernismo y modernistas |
| 300 | |a 450 p | ||
| 942 | |c BK | ||
| 945 | |d 19950728 00:00:00 |a awong | ||
| 260 | |a Barcelona |b Destino |c 1949 | ||
| 650 | 0 | |a Modernismo |9 267987 | |
| 650 | 0 | |a Biografías |9 255210 | |
| 650 | 0 | |a Literatura |9 259151 | |
| 650 | 0 | |a Arquitectura |9 804558 | |
| 650 | 0 | |a Pintura |9 265046 | |
| 650 | 0 | |a Arte |9 265238 | |
| 650 | 0 | |a Música |9 306269 | |
| 583 | |a last modification |c 19950728 00:00:00 |k Rodrigo Vera | ||
| 999 | |c 237233 |d 237231 | ||
| 952 | |0 0 |1 0 |4 0 |6 709_040000000000000_RAF_1949 |7 0 |8 A |9 246109 |a BIBART |b BIBART |d 2019-11-18 |i 3107728 |o 709.04 RAF 1949 |p 3107728 |r 2025-03-13 |w 2019-11-18 |y BK |k ART | ||